|
|
|
|
| LEADER |
01217nam a22003137a 4500 |
| 001 |
28424 |
| 003 |
BD-DhAAL |
| 005 |
20141020120036.0 |
| 008 |
141020r20132006bg 000 0 eng |
| 020 |
|
|
|a 9847002002783
|
| 040 |
|
|
|a BD-DhAAL
|c BD-DhAAL
|
| 041 |
|
|
|a eng
|
| 082 |
0 |
0 |
|2 21
|a 823/.8
|
| 100 |
1 |
|
|a Brontë, Charlotte,
|d 1816-1855.
|9 5723
|
| 245 |
0 |
0 |
|a Jane Eyre /
|b
|c Charlotte Brontë ; with a detailed introduction by FBC editorial board.
|
| 260 |
|
|
|a Dhaka :
|b Friends' book corner,
|c 2006 [reprinted 2013, 2011]
|
| 300 |
|
|
|a lii, 523 p. ;
|c 21 cm.
|
| 541 |
|
|
|e 28424
|
| 650 |
|
0 |
|a Governesses
|v fiction.
|9 5724
|
| 650 |
|
0 |
|a Fathers and daughters
|v fiction.
|9 5725
|
| 650 |
|
0 |
|a Mentally ill women
|v ficton
|9 5726
|
| 650 |
|
0 |
|a Charity-schools
|v fiction
|9 5727
|
| 650 |
|
0 |
|a Married people
|v fiction
|9 5728
|
| 650 |
|
0 |
|a Country homes
|v fiction
|9 5729
|
| 650 |
|
0 |
|a Young women
|v fiction
|9 5630
|
| 650 |
|
0 |
|a Orphans
|v fiction
|9 5638
|
| 942 |
|
|
|2 ddc
|c BK
|
| 999 |
|
|
|c 32945
|d 32945
|
| 952 |
|
|
|0 0
|1 0
|2 ddc
|4 0
|6 823_800000000000000_BRO
|7 0
|9 43869
|a BRACUL
|b BRACUL
|c GEN
|d 2014-10-20
|e Friends book corner
|g 120.00
|l 4
|m 52
|o 823.8 BRO
|p 3010028424
|r 2025-10-08
|s 2025-05-03
|t 1
|w 2014-10-20
|y BK
|x Transferred from BIL to BRACUL on 06/06/22
|